000 00503nam a22001577a 4500
005 20251108171033.0
008 250721s1983 xx 000 0 ara d
082 1 4 _aط/216.8/عبد
100 1 _aعاشور، عبد اللطيف
245 1 0 _aغزوات الرسول عليه السلام للأطفال /
264 1 _aالقاهرة :
_bمكتبة القرآن للطبع و النشر،
_c1983.
300 _a74ص.
650 1 7 _aالسيرة النبوية
942 _2ddc
_cBK
999 _c55003
_d55003